Les 20 villes les plus peuplées de Corse-du-Sud (2A) - Statistiques

Statistiques générales
  • Ce quiz a été pris 40 fois
  • Le résultat moyen est 7 sur 20
Statistiques - réponses
HINT HINT ANSWER % Correct
75 343 A Ajaccio
100%
11 536 P Porto-Vecchio
97%
3 269 B Bonifacio
94%
3 864 P Propriano
82%
3 732 S Sartène
79%
1 742 F Figari
36%
2 869 Z Zonza
36%
4 258 B Bastelicaccia
33%
3 645 A Alata
24%
2 020 L Lecci
21%
3 350 A Afa
18%
3 331 G Grosseto-Prugna
18%
3 250 S Sarrola-Carcopino
12%
1 866 S Sotta
12%
1 751 A Appietto
9%
2 044 C Cuttoli-Corticchiato
9%
2 042 P Peri
9%
2 042 P Pietrosella
6%
1 780 A Albitreccia
3%
1 483 C Cauro
3%
Aucun quiz correspondant
Distribution des résultats
% des personnes avec chaque résultat
Percentile par nombre de réponses
Votre historique - résultats
Vous n’avez pas pris ce quiz